[Event "TUR-chT2"]
[Site "Konya"]
[Date "2018.07.12"]
[Round "4.6"]
[White "Demirkol, Yusuf"]
[Black "Ertekin, Oguzhan"]
[Result "0-1"]
[WhiteElo "1154"]
[BlackElo "1716"]
[PlyCount "180"]
[EventDate "2018.07.10"]
[EventType "team-swiss"]
[EventRounds "9"]
[EventCountry "TUR"]
[SourceTitle "EXT 2019"]
[Source "ChessBase"]
[SourceDate "2018.10.10"]
[SourceVersion "1"]
[SourceVersionDate "2018.10.10"]
[SourceQuality "1"]
[WhiteTeam "Yalova Beyaz Fil"]
[BlackTeam "Derince Turgut"]
[WhiteTeamCountry "TUR"]
[BlackTeamCountry "TUR"]

1. e4 c5 2. Nf3 Nc6 3. Bc4 e6 4. d3 a6 5. a3 d5 6. exd5 exd5 7. Ba2 Nf6 8. Bg5 Be7 9. Nc3 0-0 10. 0-0 Bg4 11. h3 Bh5 12. Bxf6 Bxf6 13. Rb1 Bxc3 14. bxc3 Qd7 15. Rb2 Rfe8 16. c4 d4 17. Bb3 Qd6 18. Ba4 Re7 19. g4 Bg6 20. Re1 Rae8 21. Rxe7 Rxe7 22. Nh4 Ne5 23. f4 Nc6 24. Bxc6 Qxc6 25. f5 Qf6 26. Nf3 Bxf5 27. gxf5 Qxf5 28. Qf1 h5 29. Rb1 Re3 30. Nh4 Qg5+ 31. Ng2 Rxh3 32. Rxb7 f5 33. Rb8+ Kh7 34. Rf8 Kg6 35. Qf4 h4 36. Rh8 Rg3 37. Qd6+ Qf6 38. Qxf6+ Kxf6 39. Rxh4 Ke5 40. Kf2 Rg6 41. Rh5 Rb6 42. Nh4 g6 43. Rh6 Rb2 44. Rxg6 Rxc2+ 45. Ke1 Ra2 46. Rxa6 Kf4 47. Ra5 Rh2 48. Nxf5 Kxf5 49. Rxc5+ Kf4 50. Rb5 Ke3 51. Kf1 Kxd3 52. Rb4 Rh1+ 53. Kf2 Ra1 54. c5 Rxa3 55. c6 Rc3 56. Rb6 Kc2 57. Ra6 Kd3 58. Kf1 Ke3 59. c7 Rc1+ 60. Kg2 Rxc7 61. Re6+ Kd2 62. Kf3 Rc3+ 63. Kf2 Rc8 64. Kf3 d3 65. Rd6 Re8 66. Rc6 Kd1 67. Rc5 Re2 68. Rc8 Re7 69. Rd8 Kd2 70. Rc8 Rf7+ 71. Kg2 Rf5 72. Rc7 Kd1 73. Kg1 d2 74. Kg2 Ke2 75. Re7+ Kd3 76. Rd7+ Kc3 77. Rc7+ Kd4 78. Rd7+ Rd5 79. Rxd5+ Kxd5 80. Kf3 d1Q+ 81. Ke3 Qg4 82. Kd3 Qf3+ 83. Kc2 Kd4 84. Kb2 Kc4 85. Ka2 Qb3+ 86. Ka1 Qb4 87. Ka2 Kd3 88. Ka1 Kd2 89. Ka2 Kc1 90. Ka1 Qb1# 0-1